Villes Japonaises - Statistiques

Statistiques générales
  • Ce quiz a été pris 498 fois
  • Le résultat moyen est 8 sur 15
Statistiques - réponses
Hint Réponse % Correct
Anciennement Edo Tokyo
99%
Capitale impériale jusqu'en 1603 Kyoto
95%
Après Hiroshima, deuxième ville ayant été bombardé à la Bombe atomique Nagasaki
84%
Ville célèbre pour son boeuf Kobe
82%
Ville portuaire oú a eu lieu l'exposition universelle en 1970 Osaka
78%
Métropole de l'ile d'Hokkaido Sapporo
63%
Ville la plus peuplée de l'ile de Kyushu Fukuoka
50%
Ville industrielle de la préfecture d'Aichi Nagoya
50%
Ville portuaire célèbre pour son quartier chinois Yokohama
46%
Ville célèbre pour ses temples et son bouddha géant en bronze Nara
41%
Ville ayant accueilli les JO d'hiver en 1998 Nagano
37%
Plus grande ville sur l'ile d'okinawa Naha
27%
Ville de Kyushu, célèbre pour son chateau et ses sashimi de cheval Kumamoto
24%
Ville oú l'on célèbre le festival "Nebuta" Aomori
17%
Plus grande ville sur l'ile de Shikoku, lieu de l'action du roman "botchan" de Natsume Soseki Matsuyama
14%
Aucun quiz correspondant
Distribution des résultats
% des personnes avec chaque résultat
Percentile par nombre de réponses
Votre historique - résultats
Vous n’avez pas pris ce quiz